000 00687nam a2200217 i 4500
001 57944
003 ES-MaACL
005 20250815090021.0
007 t|
008 031020s1968 sp ||||1| spa d
080 _a373:371.2
100 1 _aDouglass, Harl R.
_945499
245 1 0 _aOrganización escolar moderna /
_cHarl R. Douglass.
260 _aMadrid :
_bMagisterio Español,
_c[1968]
300 _a590 p. ;
_c23 cm.
490 1 _aCiencias de la educación. Fundamental
650 _aAdministración y organización escolar.
_9142207
830 1 0 _aCiencias de la educación (Magisterio Español)
_9185612
852 _aES-MaACL
_jC-35179
999 _c57944
_d57944